Statistics for Most Populous Cities in Countries with Small Populations

Click here to take the quiz!

General Stats

  • This quiz has been taken 28 times
  • The average score is 12 of 20

Answer Stats

Population Answer % Correct
6 millionSingapore
84%
15 millionIstanbul
80%
9 millionLondon
80%
8 millionBogota
76%
6 millionBangkok
76%
9 millionTehran
72%
10 millionSeoul
68%
9 millionLima
68%
5 millionJohannesburg
68%
7 millionHo Chi Minh City
64%
7 millionRiyadh
64%
6 millionSantiago
60%
7 millionHanoi
60%
8 millionCairo
56%
7 millionBaghdad
52%
5 millionDar es Salaam
52%
11 millionKinshasa
52%
5 millionYangon
40%
5 millionAbidjan
24%
5 millionAlexandria
24%

Score Distribution

Percentile by Number Answered

Percent of People with Each Score

Your Score History

You have not taken this quiz